书目信息 |
| 题名: |
实用PNF治疗
|
|
| 作者: | 阿德勒 , 贝克斯 , 巴克 著 ;刘钦刚 译 | |
| 分册: | ||
| 出版信息: | 北京 华夏出版社 2018.03 |
|
| 页数: | 307页 | |
| 开本: | 26cm | |
| 丛书名: | ||
| 单 册: | ||
| 中图分类: | R337.4-64 | |
| 科图分类: | ||
| 主题词: | 人体--神经肌肉--兴奋(生理)--图解 | |
| 电子资源: | ||
| ISBN: | 978-7-5080-9391-8 | |
| 000 | 01470nam0 2200313 450 | |
| 001 | 0108153920 | |
| 005 | 20210308154404.0 | |
| 010 | @a978-7-5080-9391-8@dCNY198.00 | |
| 100 | @a20210307e20192018em y0chiy50 ea | |
| 101 | 1 | @achi@ceng |
| 102 | @aCN@b110000 | |
| 105 | @aa z 000yy | |
| 106 | @ar | |
| 200 | 1 | @a实用PNF治疗@Ashi yong PNF zhi liao@dPNF in practice: an illustrated guide@e本体感觉神经肌肉促进技术图解指南@f(美)苏珊·阿德勒(Susan Adler), (比)多米尼克·贝克斯(Dominiek Beckers), (荷)马斯·巴克(Math Buck)著@g刘钦刚译@zeng |
| 210 | @a北京@c华夏出版社@d2018.03@h2019.04 | |
| 215 | @a307页@d26cm | |
| 300 | @a康复治疗技术经典图书 | |
| 305 | @a据原书第4版译出 | |
| 330 | @a本书是系统介绍PNF(本体感觉神经肌肉促进法)技术的康复学专著,PNF技术是一种神经发育疗法基本技术,是比较独特的康复治疗技术,广泛用于神经科疾病和骨关节疾病康复治疗之中,适用于各种肌力减弱,运动控制不良的患者,比如骨折、偏瘫,甚至运动员的训练。 | |
| 510 | 1 | @aPNF in practice: an illustrated guide@zeng |
| 517 | 1 | @a本体感觉神经肌肉促进技术图解指南@Aben ti gan jue shen jing ji rou cu jin ji shu tu jie zhi nan |
| 606 | 0 | @a人体@x神经肌肉@x兴奋(生理)@j图解 |
| 690 | @aR337.4-64@v5 | |
| 701 | 0 | @a阿德勒@Aa de le@4著@c(美)@c(女,Adler, Susan) |
| 701 | 0 | @a贝克斯@Abei ke si@4著@c(比)@c(Beckers, Dominiek) |
| 701 | 0 | @a巴克@Aba ke@4著@c(荷)@c(Buck, Math) |
| 702 | 0 | @a刘钦刚@Aliu qin gang@4译 |
| 801 | 0 | @aCN@bBJSZM@c20210308 |
| 905 | @b1273509-11@dR337.4-64@e357@f3 | |
| 实用PNF治疗=PNF in practice: an illustrated guide:本体感觉神经肌肉促进技术图解指南/(美)苏珊·阿德勒(Susan Adler), (比)多米尼克·贝克斯(Dominiek Beckers), (荷)马斯·巴克(Math Buck)著/刘钦刚译.-北京:华夏出版社,2018.03(2019.04) |
| 307页;26cm |
| 康复治疗技术经典图书 |
| ISBN 978-7-5080-9391-8:CNY198.00 |
| 本书是系统介绍PNF(本体感觉神经肌肉促进法)技术的康复学专著,PNF技术是一种神经发育疗法基本技术,是比较独特的康复治疗技术,广泛用于神经科疾病和骨关节疾病康复治疗之中,适用于各种肌力减弱,运动控制不良的患者,比如骨折、偏瘫,甚至运动员的训练。 |
| ● |
| 相关链接 |
|
|
|
|
正题名:实用PNF治疗
索取号:R337.4-64/357
 
预约/预借
| 序号 | 登录号 | 条形码 | 馆藏地/架位号 | 状态 | 备注 |
| 1 | 1273509 | 212735094 | 第二样本阅览室/ [索取号:R337.4-64/357] | 在馆 | |
| 2 | 1273510 | 212735101 | 教育系资料室/ [索取号:R337.4-64/357] | 在馆 | |
| 3 | 1273511 | 212735110 | 教育系资料室/ [索取号:R337.4-64/357] | 在馆 |